000 00375nam a2200157Ia 4500
999 _c31194
_d31194
003 OSt
005 20250707145500.0
008 250310s9999||||xx |||||||||||||| ||und||
040 _c.
082 _a823
_bM1631
100 _95979
_aMaclean, Alistair
245 0 _aBreakheart pass /
_cAlistair Maclean
260 _bFontana books,
_c1976.
300 _a192 p.
942 _cBK
_2ddc